| 000 | 00606nam a2200181Ia 4500 | ||
|---|---|---|---|
| 005 | 20250508160322.0 | ||
| 008 | 008 250505s9999 xx 000 0 eng d | ||
| 037 | _aBooks to be hide in OPAC | ||
| 040 |
_aFEDL _beng _cFEDL |
||
| 041 |
_aeng _2eng |
||
| 084 |
_a378.54, AIE/O _qFEDL |
||
| 245 | 0 | _aFinal report Part-2: Seminar of experts on University teaching for educational planning. New Delhi-5-12, August 1989. | |
| 245 | 0 | _cAsian Intitute of Educational Planning and Administration | |
| 260 | _c1969 | ||
| 300 | _a49p. | ||
| 942 |
_cHB _h378.54, AIE/O |
||
| 999 |
_c1363625 _d1363625 |
||